00429nam a2200157Ia 450000500170000000800410001702000180005805000250007610000170010124500640011826000350018230000330021744000060025052100070025652600080026320140311163141.0140130s9999 xx 000 0 und d a9780439639064 aPZ 7b.Ar7379Th 2007 aArnold, Tedd cArnold, TeddaThere was an old lady who swallowed fly guy / bScholastic,c2007.aNew York : a30 p. :bcol. ill. ;c23 cm. v1 aG2 c370